00456 2200169 4500001002100000005001500021035002000036245006100056100002000117250001700137300003100154260003900185082001100224084001700235020002200252650001200274INLIS00000000000050820240811081308 a0010-08240000261 aMengenal tanaman yang berkhasiat obat /cSumiati Sa'adah0 aSumiati Sa'adah aCetakan ke-1 av, 90 hlm :bilus ;c21 cm aJakarta :bAzka mulia media,c2007 a582.12 a582.12 SUM m a978-979-1211-12-3 4aTanaman